[Event "DVM U20 2012"]
[Site "Osnabrück GER"]
[Date "2012.12.27"]
[Round "2"]
[White "Zimmermann, Ulrich"]
[Black "Mons, Leon"]
[Result "1/2-1/2"]
[Termination "normal"]
[Board "1.1"]
[BlackTitle "FM"]
[WhiteElo "2243"]
[BlackElo "2339"]
[WhiteTeam "SK Bebenhausen 1992"]
[BlackTeam "SC Forchheim"]
[WhiteFideId "24654523"]
[BlackFideId "4614950"]
[EventCountry "GER"]
[EventRounds "7"]
[EventType "team-swiss"]
[EventDate "2012.12.26"]

1. c4 e6 2. Nf3 Nf6 3. g3 d5 4. Bg2 dxc4 5. Qa4+ c6 6. Qxc4 Be7 7. d4 b5 8. Qc2
Bb7 9. a4 a6 10. O-O O-O 11. Nbd2 Nbd7 12. Nb3 c5 13. Nxc5 Nxc5 14. dxc5 Be4
15. Qc3 Nd5 16. Qd4 Bxf3 17. Bxf3 Rc8 18. axb5 axb5 19. Qd3 Rxc5 20. Be3 Nxe3
21. Qxe3 Qc7 1/2-1/2

[Event "DVM U20 2012"]
[Site "Osnabrück GER"]
[Date "2012.12.27"]
[Round "2"]
[White "Miller, Eduard"]
[Black "Braun, Georg"]
[Result "1/2-1/2"]
[Termination "normal"]
[Board "1.2"]
[WhiteElo "2137"]
[BlackElo "2186"]
[WhiteTeam "SC Forchheim"]
[BlackTeam "SK Bebenhausen 1992"]
[WhiteFideId "24687022"]
[BlackFideId "24629383"]
[EventCountry "GER"]
[EventRounds "7"]
[EventType "team-swiss"]
[EventDate "2012.12.26"]

1. e4 c6 2. d4 d5 3. Nd2 dxe4 4. Nxe4 Bf5 5. Ng3 Bg6 6. Nh3 e6 7. Nf4 Bd6 8.
Ngh5 Kf8 9. Nxg6+ hxg6 10. Nf4 Nf6 11. Bd3 Nbd7 12. Be3 Qc7 13. g3 Kg8 14. Qe2
Nd5 15. Nxd5 cxd5 16. O-O-O a5 17. a4 Nb6 18. Bb5 Rc8 19. Kb1 Nc4 20. Bc1 Be7
21. h4 Bf6 22. Bf4 Qb6 23. c3 Nd6 24. Bxd6 Qxd6 25. f4 Kf8 26. Qf2 Ke7 27. g4
Kd8 28. Rh2 Kc7 29. Rdh1 Kb8 30. g5 Bd8 31. h5 gxh5 32. Rxh5 Rxh5 33. Rxh5 g6
34. Rh7 Qe7 35. Rh8 Bc7 36. Qh4 Bd6 37. Rxc8+ Kxc8 38. Kc2 Qf8 39. Kd3 Kd8 40.
Ke3 Be7 41. Qh7 Bd6 42. Kf3 Be7 43. Kg4 Bd6 44. Kg3 Qe7 45. Kg4 Qf8 46. Kg3 Qe7
47. Qh8+ Qf8 48. Qh1 Kc8 49. Kg4 Be7 50. c4 dxc4 51. d5 Bd6 52. Bxc4 e5 53.
fxe5 Bxe5 54. d6 Qxd6 55. Qd5 f5+ 56. gxf6 Qxf6 57. Qe6+ 1/2-1/2

[Event "DVM U20 2012"]
[Site "Osnabrück GER"]
[Date "2012.12.27"]
[Round "2"]
[White "Wagner, Robert"]
[Black "Alber, Alexander"]
[Result "1/2-1/2"]
[Termination "normal"]
[Board "1.6"]
[WhiteElo "1806"]
[BlackElo "1928"]
[WhiteTeam "SC Forchheim"]
[BlackTeam "SK Bebenhausen 1992"]
[WhiteFideId "24656879"]
[BlackFideId "4640039"]
[EventCountry "GER"]
[EventRounds "7"]
[EventType "team-swiss"]
[EventDate "2012.12.26"]

1. d4 Nf6 2. c4 g6 3. Nc3 Bg7 4. e4 d6 5. f3 O-O 6. Be3 c5 7. d5 e6 8. Bd3 exd5
9. cxd5 Na6 10. Nge2 Nc7 11. Qd2 h5 12. h3 b5 13. Nxb5 Nxb5 14. Bxb5 Rb8 15.
Nc3 Qa5 16. Be2 Nd7 17. Rc1 Qb4 18. b3 f5 19. Bh6 f4 20. Bxg7 Kxg7 21. Na4 Ne5
22. Qxb4 Rxb4 23. Nb2 Bd7 24. Nc4 Nxc4 25. Bxc4 a5 26. a4 1/2-1/2

[Event "DVM U20 2012"]
[Site "Osnabrück GER"]
[Date "2012.12.27"]
[Round "2"]
[White "Böhning, Kilian"]
[Black "Colpe, Malte"]
[Result "0-1"]
[Termination "normal"]
[Board "2.1"]
[WhiteElo "1893"]
[BlackElo "2348"]
[WhiteTeam "Hagener SV"]
[BlackTeam "Hamburger SK von 1830"]
[WhiteFideId "1270499"]
[BlackFideId "24623075"]
[EventCountry "GER"]
[EventRounds "7"]
[EventType "team-swiss"]
[EventDate "2012.12.26"]

1. e4 c5 2. Nf3 d6 3. d4 cxd4 4. Nxd4 Nf6 5. Nc3 a6 6. Bg5 e6 7. Qd2 h6 8. Bxf6
Qxf6 9. O-O-O Nc6 10. g3 Be7 11. Bg2 Bd7 12. f4 O-O-O 13. Nce2 g5 14. Rhf1 gxf4
15. gxf4 Rhg8 16. Bh1 Qh4 17. Nf3 Qh5 18. Ng3 Qc5 19. Qf2 Qa5 20. Kb1 Bf6 21.
Rxd6 Bxb2 22. Rxc6+ Bxc6 23. Kxb2 Qb4+ 24. Ka1 Qc3+ 25. Kb1 Bb5 26. Qe1 Qa3 27.
Rg1 Bc4 0-1

[Event "DVM U20 2012"]
[Site "Osnabrück GER"]
[Date "2012.12.27"]
[Round "2"]
[White "Bonacic, Jascha"]
[Black "Doberitz, Paul"]
[Result "0-1"]
[Termination "normal"]
[Board "2.3"]
[WhiteElo "1916"]
[BlackElo "2237"]
[WhiteTeam "Hagener SV"]
[BlackTeam "Hamburger SK von 1830"]
[WhiteFideId "24647004"]
[BlackFideId "24646130"]
[EventCountry "GER"]
[EventRounds "7"]
[EventType "team-swiss"]
[EventDate "2012.12.26"]

1. e4 c5 2. Nf3 d6 3. d4 cxd4 4. Nxd4 Nf6 5. Nc3 g6 6. Be3 Bg7 7. f3 O-O 8. Qd2
Nc6 9. O-O-O d5 10. exd5 Nxd5 11. Nxc6 bxc6 12. Nxd5 cxd5 13. Qxd5 Qc7 14. Qc5
Qb7 15. Qa3 Bf5 16. Bd4 Rac8 17. Bd3 Bxd4 18. Bxf5 Rc4 19. Be4 Qb6 20. Bd5 Rb8
21. c3 Rxc3+ 22. bxc3 Qb1+ 23. Kd2 Rb2+ 24. Qxb2 Qxb2+ 25. Kd3 Qxc3+ 0-1

[Event "DVM U20 2012"]
[Site "Osnabrück GER"]
[Date "2012.12.27"]
[Round "2"]
[White "Gharibyan, Harutyun"]
[Black "Beinke, Lukas"]
[Result "1-0"]
[Termination "normal"]
[Board "2.4"]
[WhiteElo "2138"]
[BlackElo "1844"]
[WhiteTeam "Hamburger SK von 1830"]
[BlackTeam "Hagener SV"]
[WhiteFideId "24632058"]
[BlackFideId "12902535"]
[EventCountry "GER"]
[EventRounds "7"]
[EventType "team-swiss"]
[EventDate "2012.12.26"]

1. Nf3 d5 2. d4 e6 3. c4 f5 4. g3 Nf6 5. Bg2 Nbd7 6. O-O c6 7. b3 Bd6 8. Ba3
Bxa3 9. Nxa3 O-O 10. Nc2 Ne4 11. Nce1 Ndf6 12. Nd3 Bd7 13. Nfe5 Be8 14. c5 g5
15. f3 Nc3 16. Qd2 Nb5 17. Qxg5+ Kh8 18. Qh6 Rg8 19. e3 Qe7 20. a4 Nc7 21. b4
a6 22. Rf2 Rd8 23. Raf1 Qg7 24. Qxg7+ Rxg7 25. Nf4 Rg8 26. Ra2 Nh5 27. Nxh5
Bxh5 28. g4 Bg6 29. Rd2 Rgf8 30. h4 fxg4 31. fxg4 Rxf1+ 32. Bxf1 Rf8 33. Bd3
Be4 34. Rf2 Rxf2 35. Kxf2 Kg7 36. Kg3 Kf6 37. Kf4 h6 38. g5+ hxg5+ 39. hxg5+
Kg7 40. Bxe4 dxe4 41. Kxe4 Nd5 42. Nc4 Nxb4 43. Nd6 Nd5 44. Nxb7 Nc3+ 45. Ke5
Nxa4 46. Kxe6 Kg6 47. Kd6 Kxg5 48. Kxc6 Kf6 49. d5 1-0

[Event "DVM U20 2012"]
[Site "Osnabrück GER"]
[Date "2012.12.27"]
[Round "2"]
[White "Wierum, Colin"]
[Black "Grötzbach, Julian"]
[Result "0-1"]
[Termination "normal"]
[Board "2.5"]
[WhiteElo "1910"]
[BlackElo "2006"]
[WhiteTeam "Hagener SV"]
[BlackTeam "Hamburger SK von 1830"]
[WhiteFideId "24677981"]
[BlackFideId "24600938"]
[EventCountry "GER"]
[EventRounds "7"]
[EventType "team-swiss"]
[EventDate "2012.12.26"]

1. e4 c5 2. Nf3 d6 3. g3 Nf6 4. Nc3 e6 5. Bg2 Be7 6. O-O O-O 7. d3 Nc6 8. Qe2
Rb8 9. a4 a6 10. Nd1 b5 11. axb5 axb5 12. c3 Bb7 13. Ng5 Na5 14. Be3 c4 15. f4
h6 16. Nf3 cxd3 17. Qxd3 Bxe4 18. Qe2 Bd5 19. Nd2 Bxg2 20. Qxg2 Nc4 21. Nxc4
bxc4 22. g4 Ra8 23. Rc1 Ra5 24. g5 hxg5 25. fxg5 Nd5 26. h4 Nxe3 27. Nxe3 Qb6
28. Rf3 Re5 29. Qf2 d5 30. Nc2 Bc5 31. Nd4 Re4 0-1

[Event "DVM U20 2012"]
[Site "Osnabrück GER"]
[Date "2012.12.27"]
[Round "2"]
[White "Weidmann, Kevin"]
[Black "Rau, Nikita"]
[Result "0-1"]
[Termination "normal"]
[Board "2.6"]
[WhiteElo "1710"]
[BlackElo "1840"]
[WhiteTeam "Hamburger SK von 1830"]
[BlackTeam "Hagener SV"]
[WhiteFideId "12939994"]
[BlackFideId "12902543"]
[EventCountry "GER"]
[EventRounds "7"]
[EventType "team-swiss"]
[EventDate "2012.12.26"]

1. e4 c5 2. Nf3 d6 3. d4 cxd4 4. Nxd4 Nf6 5. Nc3 a6 6. Bc4 e5 7. Nf3 Be7 8. Bg5
Nbd7 9. Qe2 O-O 10. O-O-O b5 11. Bb3 b4 12. Bxf6 Nxf6 13. Nd5 Bg4 14. Nxb4 Qb6
15. Nd5 Nxd5 16. Rxd5 Rab8 17. Qd2 Be6 18. Ra5 Rfc8 19. Ra3 a5 20. c3 d5 21.
exd5 Bxa3 22. dxe6 Bxb2+ 23. Qxb2 a4 24. exf7+ Kh8 25. Nxe5 Qd6 26. Re1 axb3
27. axb3 Qh6+ 28. Kb1 Qe6 29. Kc2 Qf5+ 30. Kc1 Qg5+ 31. Re3 Qxg2 32. Qc2 Ra8
33. Nd7 Qf1+ 34. Kb2 Qa1# 0-1

[Event "DVM U20 2012"]
[Site "Osnabrück GER"]
[Date "2012.12.27"]
[Round "2"]
[White "Tkachuk, Konstantyn"]
[Black "Borgmeyer, Max"]
[Result "1/2-1/2"]
[Termination "normal"]
[Board "3.1"]
[WhiteElo "2217"]
[BlackElo "2111"]
[WhiteTeam "Schachgesellschaft Bochum 1931"]
[BlackTeam "Königsspringer Hamburg"]
[WhiteFideId "24647330"]
[BlackFideId "24615870"]
[EventCountry "GER"]
[EventRounds "7"]
[EventType "team-swiss"]
[EventDate "2012.12.26"]

1. e4 c5 2. Nf3 d6 3. d4 cxd4 4. Nxd4 Nf6 5. Nc3 a6 6. Bg5 Nbd7 7. f4 Qc7 8.
Qf3 h6 9. Bxf6 Nxf6 10. h3 e6 11. Bd3 Be7 12. O-O-O b5 13. g4 Bb7 14. g5 Nd7
15. g6 Bf6 16. gxf7+ Kxf7 17. Nce2 Rhe8 18. Rhg1 Qc5 19. Nb3 Qb6 20. Ng3 Rg8
21. Kb1 Ke7 22. Qe2 g6 23. Rgf1 a5 24. e5 Nxe5 25. fxe5 Bxe5 26. Ne4 a4 27.
Nbd2 a3 28. b3 d5 29. Qf2 Qd4 30. Qf7+ Kd8 31. Qxg8+ Kc7 32. Qf7+ Kb8 33. c3
Qxd3+ 34. Kc1 dxe4 35. Nb1 Qe3+ 36. Kc2 Ka7 37. Rfe1 Qxh3 38. Rd7 Rb8 39. Qf2+
Ka6 40. Qc5 Qf5 41. Red1 Rc8 42. R1d6+ Bxd6 43. Rxd6+ Bc6 44. Rxc6+ Rxc6 45.
Qxc6+ Ka7 1/2-1/2

[Event "DVM U20 2012"]
[Site "Osnabrück GER"]
[Date "2012.12.27"]
[Round "2"]
[White "Kahleys, Kevin"]
[Black "Lock, Adrian"]
[Result "1/2-1/2"]
[Termination "normal"]
[Board "3.3"]
[WhiteElo "2189"]
[BlackElo "2052"]
[WhiteTeam "Schachgesellschaft Bochum 1931"]
[BlackTeam "Königsspringer Hamburg"]
[WhiteFideId "24669601"]
[BlackFideId "24651290"]
[EventCountry "GER"]
[EventRounds "7"]
[EventType "team-swiss"]
[EventDate "2012.12.26"]

1. Nf3 d5 2. d4 Nf6 3. g3 Bf5 4. c4 c6 5. Nc3 e6 6. Qb3 Qb6 7. Bg2 Nbd7 8. O-O
Be7 9. Re1 O-O 10. Bg5 h6 11. Bf4 Rac8 12. h3 Bh7 13. Nd2 Rfd8 14. Be3 Qa6 15.
a3 Nb6 16. cxd5 Nfxd5 17. Nxd5 cxd5 18. Rac1 Bd6 19. Bf3 Qa4 20. Qxa4 Nxa4 21.
b4 Bc2 22. Bf4 Bxf4 23. gxf4 Rc3 24. Nf1 Rdc8 25. Ne3 Nb6 26. Nxc2 Rxc2 27.
Rxc2 Rxc2 28. Ra1 f5 29. e3 Nc4 30. Bd1 Rc3 31. a4 Nb2 32. Be2 Kf7 33. a5 Ke7
34. Kf1 Rb3 35. b5 Rc3 36. Ke1 Nc4 37. Bxc4 Rxc4 38. a6 b6 39. Rb1 Rc2 40. Kf1
Kf6 41. Kg2 g5 42. fxg5+ hxg5 43. Kf3 e5 44. dxe5+ Kxe5 45. Rg1 Kf6 46. Rb1 Rc5
47. Kg3 Rc4 48. Kf3 Rh4 49. Kg3 Re4 50. Kf3 Rh4 51. Kg3 Rc4 52. Kf3 Rh4 1/2-1/2

[Event "DVM U20 2012"]
[Site "Osnabrück GER"]
[Date "2012.12.27"]
[Round "2"]
[White "Raider, Eugen"]
[Black "Butschek, Marc"]
[Result "1/2-1/2"]
[Termination "normal"]
[Board "3.4"]
[WhiteElo "1890"]
[BlackElo "1958"]
[WhiteTeam "Königsspringer Hamburg"]
[BlackTeam "Schachgesellschaft Bochum 1931"]
[WhiteFideId "24657352"]
[BlackFideId "4630904"]
[EventCountry "GER"]
[EventRounds "7"]
[EventType "team-swiss"]
[EventDate "2012.12.26"]

1. e4 e6 2. d4 d5 3. Nc3 Nf6 4. Bg5 Bb4 5. e5 h6 6. Bd2 Bxc3 7. bxc3 Ne4 8. Qg4
g6 9. Bc1 c5 10. Bd3 h5 11. Qf4 cxd4 12. cxd4 Qa5+ 13. Bd2 Qxd2+ 14. Qxd2 Nxd2
15. Kxd2 Nc6 16. Ne2 Bd7 17. Rhb1 b6 18. Ba6 Na5 19. a4 Ke7 20. Nc3 f6 21. f4
fxe5 22. fxe5 Rhf8 23. Rf1 Nc6 24. Bb7 Rab8 25. Bxc6 Bxc6 26. Rxf8 Rxf8 27. Ke3
Kd7 28. a5 b5 29. Na2 a6 30. Nb4 Bb7 31. Nd3 Bc8 32. h4 Ke7 33. Ke2 Rf5 34. Rf1
Rxf1 35. Kxf1 Kf7 36. Nf4 b4 37. Ke2 Bd7 38. Kd2 Bb5 39. Kc1 Bf1 40. Kb2 g5 41.
hxg5 h4 42. g6+ Ke7 43. g7 Kf7 44. g8=Q+ Kxg8 45. Ng6 Bxg2 46. Nxh4 Be4 47. Kb3
Kg7 48. Kxb4 Kh6 49. Kc5 Kg5 50. Kd6 Kxh4 51. Kxe6 Kg5 52. Kd6 Bxc2 53. Kxd5
Kf5 54. e6 Bb3+ 55. Kd6 Bxe6 56. d5 Bxd5 57. Kxd5 1/2-1/2

[Event "DVM U20 2012"]
[Site "Osnabrück GER"]
[Date "2012.12.27"]
[Round "2"]
[White "Budszuhn, Timo"]
[Black "Pfreundt, Jakob"]
[Result "1-0"]
[Termination "normal"]
[Board "3.5"]
[WhiteElo "1994"]
[BlackElo "1871"]
[WhiteTeam "Schachgesellschaft Bochum 1931"]
[BlackTeam "Königsspringer Hamburg"]
[WhiteFideId "1270607"]
[BlackFideId "12918156"]
[EventCountry "GER"]
[EventRounds "7"]
[EventType "team-swiss"]
[EventDate "2012.12.26"]

1. e4 c6 2. d4 d5 3. exd5 cxd5 4. Bd3 Nc6 5. c3 Qc7 6. h3 g6 7. Nf3 Bg7 8. O-O
Nf6 9. Re1 O-O 10. Nbd2 Ne8 11. Nf1 Nd6 12. Bf4 Qd8 13. Ne3 Nf5 14. Bxf5 Bxf5
15. Qb3 Be4 16. Qxb7 Na5 17. Qc7 Bxf3 18. gxf3 Rc8 19. Qxa7 e6 20. Qa6 Ra8 21.
Qf1 Qf6 22. Be5 Qxf3 23. Bxg7 Kxg7 24. b4 Nc4 25. Nxc4 dxc4 26. Re3 Qc6 27. Re5
Qf3 28. Qxc4 Rac8 29. Rc5 Rxc5 30. dxc5 Qxh3 31. c6 Rd8 32. Qf4 Qxc3 33. Rc1
Qa3 34. c7 Rc8 35. b5 Qxa2 36. Qd4+ Kh6 37. b6 Qa6 38. Kg2 Qa8+ 39. Kg3 f5 40.
f3 1-0

[Event "DVM U20 2012"]
[Site "Osnabrück GER"]
[Date "2012.12.27"]
[Round "2"]
[White "Streich, Justus"]
[Black "Thanabalasingam, Ajandhan"]
[Result "1/2-1/2"]
[Termination "normal"]
[Board "3.6"]
[WhiteElo "1949"]
[BlackElo "2002"]
[WhiteTeam "Königsspringer Hamburg"]
[BlackTeam "Schachgesellschaft Bochum 1931"]
[WhiteFideId "24697168"]
[BlackFideId "24601659"]
[EventCountry "GER"]
[EventRounds "7"]
[EventType "team-swiss"]
[EventDate "2012.12.26"]

1. e4 c5 2. Nc3 d6 3. g3 Nc6 4. Bg2 g6 5. d3 Bg7 6. Nge2 e6 7. Be3 Nd4 8. O-O
Ne7 9. Qd2 O-O 10. Bg5 Qd7 11. Rac1 Nxe2+ 12. Qxe2 h6 13. Be3 Nc6 14. Qd2 Kh7
15. Nd1 b6 16. c3 Ba6 17. c4 Rae8 18. Nc3 Nd4 19. Ne2 f5 20. f4 Nxe2+ 21. Qxe2
fxe4 22. dxe4 d5 23. b3 d4 24. Qd3 e5 25. Bd2 Bb7 26. Rce1 a6 27. b4 cxb4 28.
Bxb4 Rf7 29. fxe5 Bxe5 30. Rxf7+ Qxf7 31. Rf1 Qc7 32. Ba3 a5 33. Bb2 Ba6 34.
Rc1 Rd8 35. Bf1 Qc6 36. Qf3 Kg7 37. Bd3 Qa4 38. a3 Rf8 39. Qe2 Qc6 40. Re1 Qc5
41. Rc1 Bc8 42. Rf1 Rxf1+ 1/2-1/2

[Event "DVM U20 2012"]
[Site "Osnabrück GER"]
[Date "2012.12.27"]
[Round "2"]
[White "Moritz, Aron"]
[Black "Meier, Lars"]
[Result "1/2-1/2"]
[Termination "normal"]
[Board "4.1"]
[WhiteElo "2165"]
[BlackElo "2020"]
[WhiteTeam "SV Empor Berlin"]
[BlackTeam "Frankfurter TV 1860"]
[WhiteFideId "24672319"]
[BlackFideId "24602396"]
[EventCountry "GER"]
[EventRounds "7"]
[EventType "team-swiss"]
[EventDate "2012.12.26"]

1. e4 c6 2. d4 d5 3. Nd2 dxe4 4. Nxe4 Nf6 5. Ng5 h6 6. N5f3 Bf5 7. Ne5 e6 8.
Ngf3 Be7 9. Bd3 Bxd3 10. Qxd3 Nbd7 11. O-O O-O 12. Qb3 Qb6 13. c3 Rfd8 14. Nxd7
Nxd7 15. Bf4 Rac8 16. Rfe1 Nf6 17. h3 c5 18. Qxb6 axb6 19. a3 c4 20. Re2 Nd5
21. Bg3 b5 22. Ne1 Ra8 23. Nc2 Bg5 24. Re4 Ra6 25. f4 f5 26. Re5 Bf6 27. Re2
Kf7 28. Rae1 Rg8 29. Kf2 g5 30. fxg5 hxg5 31. Be5 g4 32. hxg4 Rxg4 33. Ne3 Re4
34. Nxd5 exd5 35. Rxe4 fxe4 36. Ke3 Bxe5 37. dxe5 Rg6 38. Kd4 Ke6 39. Rf1 Rxg2
40. Rf6+ Ke7 41. Kxd5 e3 42. Rf3 Rd2+ 43. Kc5 e2 44. Re3 Rxb2 45. e6 Rb3 46.
Rxe2 1/2-1/2

[Event "DVM U20 2012"]
[Site "Osnabrück GER"]
[Date "2012.12.27"]
[Round "2"]
[White "Medvedovski, Michael"]
[Black "Sivakumaran, Ramash"]
[Result "1-0"]
[Termination "normal"]
[Board "4.2"]
[WhiteElo "1922"]
[BlackElo "1875"]
[WhiteTeam "Frankfurter TV 1860"]
[BlackTeam "SV Empor Berlin"]
[WhiteFideId "24600830"]
[BlackFideId "9909524"]
[EventCountry "GER"]
[EventRounds "7"]
[EventType "team-swiss"]
[EventDate "2012.12.26"]

1. e4 c6 2. d4 d5 3. exd5 cxd5 4. c4 Nf6 5. Nc3 Nc6 6. Nf3 Bg4 7. cxd5 Nxd5 8.
Qb3 Bxf3 9. gxf3 Nxc3 10. bxc3 Qc7 11. d5 Ne5 12. Bb5+ Nd7 13. O-O O-O-O 14.
Be3 Ne5 15. Be2 Rd6 16. c4 g5 17. c5 Rh6 18. Rfc1 Nc6 19. f4 Rg8 20. Bg4+ f5
21. d6 exd6 22. Qxg8 Qg7 23. Qxg7 Bxg7 24. Bxf5+ Kc7 25. cxd6+ Kxd6 26. Rd1+
Ke7 27. Rac1 1-0

[Event "DVM U20 2012"]
[Site "Osnabrück GER"]
[Date "2012.12.27"]
[Round "2"]
[White "Salz, Matthias"]
[Black "Keller, Peter"]
[Result "0-1"]
[Termination "normal"]
[Board "4.3"]
[WhiteElo "1672"]
[BlackElo "2033"]
[WhiteTeam "SV Empor Berlin"]
[BlackTeam "Frankfurter TV 1860"]
[WhiteFideId "12943312"]
[BlackFideId "1272105"]
[EventCountry "GER"]
[EventRounds "7"]
[EventType "team-swiss"]
[EventDate "2012.12.26"]

1. c4 c6 2. g3 d5 3. Nf3 Bg4 4. Bg2 Nf6 5. Ne5 e6 6. cxd5 exd5 7. Nxg4 Nxg4 8.
e4 Nf6 9. e5 Ne4 10. O-O Nc5 11. d4 Ne6 12. Be3 Qb6 13. Qb3 Qxb3 14. axb3 Na6
15. Nc3 Be7 16. Rfc1 Nac7 17. f4 f5 18. Bf1 h6 19. Kf2 g5 20. Bd3 Rf8 21. Ra4
a6 22. Ke2 O-O-O 23. Raa1 Rf7 24. Na4 g4 25. Nb6+ Kb8 26. Bf2 h5 27. Ke3 Ka7
28. Na4 Rh8 29. h4 Kb8 30. Nb6 Rd8 31. Ke2 Nb5 32. Bxb5 axb5 33. Ra2 Rff8 34.
Rca1 Nc7 35. Be1 Na6 36. Ba5 Bb4 37. e6 Rfe8 0-1

[Event "DVM U20 2012"]
[Site "Osnabrück GER"]
[Date "2012.12.27"]
[Round "2"]
[White "Diyap, Murat"]
[Black "Schabe, Felix"]
[Result "1-0"]
[Termination "normal"]
[Board "4.4"]
[WhiteElo "1940"]
[BlackElo "1798"]
[WhiteTeam "Frankfurter TV 1860"]
[BlackTeam "SV Empor Berlin"]
[WhiteFideId "1272104"]
[BlackFideId "12964336"]
[EventCountry "GER"]
[EventRounds "7"]
[EventType "team-swiss"]
[EventDate "2012.12.26"]

1. e4 e5 2. Nf3 Nc6 3. Bc4 Bc5 4. O-O Nf6 5. d4 Bxd4 6. Nxd4 Nxd4 7. f4 Nc6 8.
Bxf7+ Kxf7 9. fxe5 Nxe5 10. Qd5+ Ke8 11. Qxe5+ Qe7 12. Qxc7 d6 13. Qxe7+ Kxe7
14. Bg5 h6 15. Bxf6+ gxf6 16. Nc3 Be6 17. Nd5+ Bxd5 18. exd5 Kf7 19. Rf3 Rhg8
20. Raf1 Rg6 21. Re3 Re8 22. Rfe1 Rxe3 23. Rxe3 Rg5 24. c4 Rg4 25. b3 b5 26.
Rc3 Rd4 27. h3 b4 28. Rc2 Re4 29. Kf2 h5 30. Re2 Rf4+ 31. Kg3 Rd4 32. Re6 h4+
33. Kf3 Rd2 34. Rxd6 Rxa2 35. Re6 Rb2 36. Re3 Rd2 37. g3 Rd4 38. g4 Rd2 39. Ke4
Ke7 40. Rd3 Rc2 41. Kd4 Kd6 42. Rf3 Ke7 43. c5 a5 44. Re3+ Kd8 45. d6 Rd2+ 46.
Rd3 Rc2 47. Rf3 Rd2+ 48. Kc4 Rc2+ 49. Kb5 Rc3 50. Rxf6 Rxb3 51. Kc6 Ke8 52.
Re6+ Kf7 53. Re7+ Kf8 54. Ra7 1-0

[Event "DVM U20 2012"]
[Site "Osnabrück GER"]
[Date "2012.12.27"]
[Round "2"]
[White "Alcer, Fabian"]
[Black "Pham-Tran, Phuong-Bao"]
[Result "1/2-1/2"]
[Termination "normal"]
[Board "4.5"]
[WhiteElo "1726"]
[BlackElo "1808"]
[WhiteTeam "SV Empor Berlin"]
[BlackTeam "Frankfurter TV 1860"]
[WhiteFideId "24693898"]
[BlackFideId "12939196"]
[EventCountry "GER"]
[EventRounds "7"]
[EventType "team-swiss"]
[EventDate "2012.12.26"]

1. e4 c5 2. c3 g6 3. d4 cxd4 4. cxd4 d5 5. exd5 Nf6 6. Nf3 Bg7 7. Nc3 O-O 8.
Bc4 Nbd7 9. a3 Nb6 10. Ba2 Nbxd5 11. Nxd5 Nxd5 12. O-O Bf5 13. Re1 Rc8 14. Qb3
Nb6 15. Bg5 Rc7 16. Qe3 Nd5 17. Qb3 Be6 18. Qa4 a6 19. Bh4 h6 20. Bg3 Rc8 21.
Ne5 Nb6 22. Qb4 Bxa2 23. Rxa2 e6 24. Raa1 Re8 25. a4 Re7 26. Rac1 Rxc1 27. Rxc1
Nd5 28. Qd2 Qb6 29. a5 Qb4 30. Qxb4 Nxb4 31. Rc8+ Kh7 32. Nc4 Rd7 33. Ne5 Rxd4
34. h3 Rd1+ 35. Kh2 Rd2 36. Rc7 Rxb2 37. Rxb7 Nd3 38. Rxf7 Kg8 39. Nxd3 Kxf7
40. Nxb2 Bxb2 41. Bc7 Ke7 42. g4 Bc3 43. Kg3 Kd7 44. Bb6 Be5+ 45. f4 Bc3 46.
Kf3 Kc6 47. Ke4 Kb5 48. f5 exf5+ 49. gxf5 gxf5+ 50. Kxf5 Bxa5 51. Be3 Bc3 52.
Bxh6 a5 53. h4 a4 54. Bc1 Kb4 55. h5 Kb3 56. h6 Kc2 57. Ba3 Kb3 58. Bf8 a3 59.
Bg7 a2 60. Bxc3 Kxc3 61. h7 Kc2 62. h8=Q Kb1 63. Qh1+ Kb2 64. Qg2+ Kb1 65. Qf1+
Kb2 66. Qe2+ Kb1 67. Qd1+ Kb2 68. Qd2+ Kb1 1/2-1/2

[Event "DVM U20 2012"]
[Site "Osnabrück GER"]
[Date "2012.12.27"]
[Round "2"]
[White "Polak, Elias"]
[Black "Denkert, Robert"]
[Result "1-0"]
[Termination "normal"]
[Board "4.6"]
[WhiteElo "1824"]
[BlackElo "1637"]
[WhiteTeam "Frankfurter TV 1860"]
[BlackTeam "SV Empor Berlin"]
[WhiteFideId "24692972"]
[BlackFideId "12957216"]
[EventCountry "GER"]
[EventRounds "7"]
[EventType "team-swiss"]
[EventDate "2012.12.26"]

1. e4 e5 2. Nf3 Nf6 3. Nc3 Nc6 4. Bb5 Bb4 5. O-O O-O 6. Nd5 Nd4 7. Nxd4 Nxd5 8.
exd5 exd4 9. c3 Bd6 10. Qg4 Be5 11. d6 cxd6 12. cxd4 f5 13. Qf3 Bf6 14. Qxf5
Qa5 15. Bc4+ d5 16. Qxd5+ Qxd5 17. Bxd5+ Kh8 18. d3 Bxd4 19. Be3 Bxe3 20. fxe3
Re8 21. Rf7 d6 22. Rc1 Be6 23. Bxe6 Rxe6 24. Rcc7 Rxe3 25. Rxg7 Rxd3 26. Rxh7+
Kg8 27. Rcg7+ Kf8 28. Rxb7 Kg8 29. Rbg7+ Kf8 30. Rxa7 1-0

[Event "DVM U20 2012"]
[Site "Osnabrück GER"]
[Date "2012.12.27"]
[Round "2"]
[White "Peng, Xiang-Tobias"]
[Black "Hobusch, Alexander"]
[Result "0-1"]
[Termination "normal"]
[Board "5.1"]
[WhiteElo "1802"]
[BlackElo "2177"]
[WhiteTeam "Heilbronner SV"]
[BlackTeam "SG Solingen"]
[WhiteFideId "12964328"]
[BlackFideId "24611387"]
[EventCountry "GER"]
[EventRounds "7"]
[EventType "team-swiss"]
[EventDate "2012.12.26"]

1. e4 e6 2. d4 d5 3. Nc3 Nf6 4. e5 Nfd7 5. f4 c5 6. Nf3 Nc6 7. Be3 cxd4 8. Nxd4
Bc5 9. Nxc6 bxc6 10. Bxc5 Nxc5 11. b4 Nd7 12. Bd3 Qb6 13. Rb1 O-O 14. Rf1 Ba6
15. Bxa6 Qxa6 16. Rf3 f6 17. Qd4 fxe5 18. fxe5 Qb6 19. Ne2 Qc7 20. Rxf8+ Rxf8
21. Nf4 Rf5 22. Nd3 Nxe5 23. Nxe5 Rxe5+ 24. Kd2 Re4 25. Qf2 Qxh2 26. Rf1 Qh6+
27. Kd3 Qf6 28. Qxf6 gxf6 29. Rxf6 Kg7 30. Rf3 Rxb4 31. Re3 Kf6 32. Rh3 Ra4 33.
Rxh7 Ke5 34. g4 Rxa2 35. g5 Ra3+ 36. Kd2 Rg3 37. Rc7 Kd6 38. Rg7 c5 39. Rg8 Ke5
40. g6 Kf6 41. Rf8+ Kg7 42. Rc8 c4 43. Ra8 Rxg6 44. Rxa7+ Kf6 45. Ra8 Ke5 46.
Re8 Kd4 47. c3+ Ke4 48. Rh8 Rg2+ 49. Kd1 Rg4 50. Kd2 e5 51. Rh2 d4 52. Re2+ Kd5
53. cxd4 exd4 54. Re8 Rg2+ 55. Kd1 c3 56. Rc8 Ke4 57. Rh8 d3 58. Rh4+ Kd5 59.
Rh5+ Kc4 0-1

[Event "DVM U20 2012"]
[Site "Osnabrück GER"]
[Date "2012.12.27"]
[Round "2"]
[White "Mikeler, Marcel"]
[Black "Fichtner, Ewald"]
[Result "0-1"]
[Termination "normal"]
[Board "5.3"]
[WhiteElo "1712"]
[BlackElo "2041"]
[WhiteTeam "Heilbronner SV"]
[BlackTeam "SG Solingen"]
[WhiteFideId "12927856"]
[BlackFideId "1270194"]
[EventCountry "GER"]
[EventRounds "7"]
[EventType "team-swiss"]
[EventDate "2012.12.26"]

1. d4 d5 2. c4 c6 3. Nc3 dxc4 4. a4 Nf6 5. e3 e5 6. Bxc4 exd4 7. exd4 Bb4 8.
Nf3 O-O 9. O-O Bg4 10. Be3 Qa5 11. Rc1 Nbd7 12. h3 Bh5 13. Na2 Bd6 14. Re1 Nb6
15. Bb3 Nbd5 16. Qd2 Qc7 17. Nc3 Bxf3 18. gxf3 Qd7 19. Kg2 Bb4 20. Qd3 Ne7 21.
Rh1 Ng6 22. h4 Nh5 23. Ne2 Rad8 24. Rcd1 Rfe8 25. Qc4 a5 26. Bc2 Qd6 27. Kf1
Qf6 28. Bxg6 hxg6 29. Kg2 Qf5 30. Bg5 Be7 31. Bc1 Bf6 32. Ng3 Nxg3 33. Kxg3 Qd5
34. Qc2 Re6 35. Be3 Red6 36. h5 gxh5 37. Rh3 h4+ 38. Kg2 c5 39. Rdh1 cxd4 40.
Bf4 d3 41. Qb1 Re6 42. Be3 Be7 43. b3 Rg6+ 44. Kf1 d2 45. Qd1 Qd3+ 0-1